<?xml version="1.0" encoding="UTF-8"?><?xml-stylesheet type="text/xsl" href="static/style.xsl"?><OAI-PMH xmlns="http://www.openarchives.org/OAI/2.0/" xmlns:xsi="http://www.w3.org/2001/XMLSchema-instance" xsi:schemaLocation="http://www.openarchives.org/OAI/2.0/ http://www.openarchives.org/OAI/2.0/OAI-PMH.xsd"><responseDate>2026-04-14T19:38:03Z</responseDate><request verb="GetRecord" identifier="oai:uvadoc.uva.es:10324/31493" metadataPrefix="marc">https://uvadoc.uva.es/oai/request</request><GetRecord><record><header><identifier>oai:uvadoc.uva.es:10324/31493</identifier><datestamp>2021-06-29T21:50:17Z</datestamp><setSpec>com_10324_38</setSpec><setSpec>col_10324_852</setSpec></header><metadata><record xmlns="http://www.loc.gov/MARC21/slim" xmlns:doc="http://www.lyncode.com/xoai" xmlns:xsi="http://www.w3.org/2001/XMLSchema-instance" xmlns:dcterms="http://purl.org/dc/terms/" xsi:schemaLocation="http://www.loc.gov/MARC21/slim http://www.loc.gov/standards/marcxml/schema/MARC21slim.xsd">
<leader>00925njm 22002777a 4500</leader>
<datafield tag="042" ind1=" " ind2=" ">
<subfield code="a">dc</subfield>
</datafield>
<datafield tag="720" ind1=" " ind2=" ">
<subfield code="a">Sancho Cambeses, Leyre</subfield>
<subfield code="e">author</subfield>
</datafield>
<datafield tag="260" ind1=" " ind2=" ">
<subfield code="c">2018</subfield>
</datafield>
<datafield tag="520" ind1=" " ind2=" ">
<subfield code="a">En la actualidad la tecnología hardware avanza a pasos agigantados aumentando la&#xd;
capacidad de los equipos informáticos, lo que implica la necesidad de una evolución&#xd;
continua del desarrollo software incrementando su complejidad.&#xd;
En este trabajo se ha analizado y diseñado un proceso de mantenimiento preventivo&#xd;
para plataformas software ya que el ciclo de vida de un proyecto software no acaba&#xd;
con el desarrollo, si no que requiere de un mantenimiento y mejora continua para&#xd;
que éste no quede obsoleto.&#xd;
El trabajo presente está enfocado a webs desarrolladas en WordPress por la empresa&#xd;
Brooktec.&#xd;
Palabras clave: mantenimiento, software, web, Brooktec, WordPress</subfield>
</datafield>
<datafield tag="024" ind2=" " ind1="8">
<subfield code="a">http://uvadoc.uva.es/handle/10324/31493</subfield>
</datafield>
<datafield ind1=" " ind2=" " tag="653">
<subfield code="a">Brooktek (Empresa)</subfield>
</datafield>
<datafield ind1=" " ind2=" " tag="653">
<subfield code="a">WordPress (Programa de ordenador)</subfield>
</datafield>
<datafield ind1=" " ind2=" " tag="653">
<subfield code="a">Sitios Web-Desarrollo</subfield>
</datafield>
<datafield ind1=" " ind2=" " tag="653">
<subfield code="a">World Wide Web (Sistema de recuperación de la información)-Desarrollo</subfield>
</datafield>
<datafield tag="245" ind1="0" ind2="0">
<subfield code="a">Análisis y diseño de un proceso de mantenimiento preventivo para una plataforma de software</subfield>
</datafield>
</record></metadata></record></GetRecord></OAI-PMH>